| 000 | 00857nam a22002177a 4500 | ||
|---|---|---|---|
| 005 | 20240530110546.0 | ||
| 008 | 160530s2014 ua a g 000 0 ara d | ||
| 017 |
_a2013/13204 _bمصر . دار الكتب المصرية |
||
| 020 | _a9789773191726 | ||
| 040 | _aEG-CaGPL | ||
| 082 | 0 | 4 |
_221 _a378.62 _bع ص |
| 100 | 0 | _aعاطف عبدالرحمن . | |
| 245 | 1 | 2 |
_aالصحافة و الجامعات : _bرؤى مستقبلية : اصلاح اوضاع هيئات التدريس بالجامعات / _cعاطف عبدالرحمن . |
| 250 | _aط.1 | ||
| 260 |
_aالقاهرة : _bالعربى للنشر و التوزيع ، _c2014 . |
||
| 300 |
_a350 ص ؛ _c24 سم . |
||
| 650 | 0 | 4 | _aالتعليم الجامعى . |
| 650 | 0 | 4 |
_aالجامعات و الكليات _zمصر . |
| 650 | 0 | 4 |
_aالتعليم الجامعى _zمصر . |
| 942 |
_2ddc _cBK |
||
| 999 |
_c62361 _d62361 |
||